Golf- No. of weeks as World Number 1 - Statistics

General Stats
  • This quiz has been taken 2,756 times
    2,254 since last reset
  • The average score is 7 of 17
Answer Stats
Hint Answer % Correct
1 Tiger Woods 683
100%
8 Rory McIlroy 55
74%
2 Greg Norman 331
60%
3 Nick Faldo 97
57%
9 Vijay Singh 32
54%
5 Luke Donald 56
47%
14 Ernie Els 9
46%
10 Lee Westwood 22
40%
4 Seve Ballesteros 61
39%
12 David Duval 15
38%
16 Bernhard Langer 3
34%
11 Fred Couples 16
33%
15 Martin Kaymer 8
32%
6 Ian Woosnam 50
29%
7 Nick Price 44
27%
17 Tom Lehman 1
17%
13 Adam Scott 11
12%
No matching quizzes found
Score Distribution
Percent of People with Each Score
Percentile by Number Answered
Your Score History
You have not taken this quiz since the last reset